Central Library OPAC University of Rajshahi

Notes and comments on vertebrate paleontology / (Record no. 69304)

MARC details
000 -LEADER
fixed length control field 00802nam a2200241 a 4500
001 - CONTROL NUMBER
control field 69304
003 - CONTROL NUMBER IDENTIFIER
rucl marc code BD-RjUL
005 - DATE AND TIME OF LATEST TRANSACTION
control field 20211209081853.0
008 - FIXED-LENGTH DATA ELEMENTS--GENERAL INFORMATION
fixed length control field 720104s1968 ilua b 001 0 eng d
035 ## - SYSTEM CONTROL NUMBER
System control number (BD-RjUL)69515
040 ## - CATALOGING SOURCE
Original cataloging agency DLC
Transcribing agency WIT
Modifying agency MCL
-- PIT
-- UKM
-- BD-RjUL
Language of cataloging eng
041 ## - LANGUAGE CODE
Language code of text/sound track or separate title eng
082 04 - DEWEY DECIMAL CLASSIFICATION NUMBER
Edition number 23
Classification number 566
Author mark and year RON 1968
100 1# - MAIN ENTRY--PERSONAL NAME
Personal name Romer, Alfred Sherwood,
Dates associated with a name 1894-1973 .
9 (RLIN) 162138
245 10 - TITLE STATEMENT
Title Notes and comments on vertebrate paleontology /
Statement of responsibility, etc. Alfred Sherwood Romer.
260 ## - PUBLICATION, DISTRIBUTION, ETC. (IMPRINT)
Place of publication, distribution, etc. Chicago :
Name of publisher, distributor, etc. University of Chicago Press,
Date of publication, distribution, etc. 1968.
300 ## - PHYSICAL DESCRIPTION
Pagination viii, 304 p. :
Illustrations ill. ;
Size 22 cm.
504 ## - BIBLIOGRAPHY, ETC. NOTE
Bibliography, etc Includes bibliographical references (p. 254-281) and index.
650 #0 - SUBJECT ADDED ENTRY--TOPICAL TERM
Topical term or geographic name as entry element Vertebrates, Fossil.
9 (RLIN) 159159
Topical term or geographic name as entry element Vertebrates
General subdivision Anatomy.
9 (RLIN) 205325
Topical term or geographic name as entry element Paleontology.
9 (RLIN) 205326
942 ## - ADDED ENTRY ELEMENTS (KOHA)
Source of classification or shelving scheme Dewey Decimal Classification
Koha item type Books
Holdings
Lost status Source of classification or shelving scheme Damaged status Not for loan Collection code Permanent Location Current Location Shelving location Date acquired Source of acquisition Cost, normal purchase price Total Checkouts Full call number Date last seen Copy number Koha item type
  Dewey Decimal Classification   Not For Loan Non-fiction Central Library, University of Rajshahi Central Library, University of Rajshahi Reading Room 30/04/1984 Asia Foundation 0.00   566 RON 1968 10/04/2017 C-1 Books